000 00688nam a2200289Ia 4500
005 20260324144312.0
008 008 260324s9999 xx 000 0 eng d
020 _a9781315827612
037 _aEBOOK
040 _aCRL
040 _beng
040 _cCRL
041 _2eng
041 _aeng
084 _qCRL
100 _aCharles D. Spielberger; James N. Butcher
_91214744
245 0 _aAdvances in Personality Assessment
245 0 _bVolume 7
260 _bTaylor and Francis
260 _c1988
365 _a
365 _b145
856 _uhttp://www.taylorfrancis.com/books/9781315827612
942 _cEBOOK
999 _c1825277
_d1825277